Loading...
Photophysiology current topics in photobiology and photochemistry V.6
| Hovedforfatter: | |
|---|---|
| Format: | Printed Book |
| Sprog: | Undetermined English |
| Udgivet: |
New York
Academic press
1971
|
| Fag: |
| LEADER | 00589nam a2200169Ia 4500 | ||
|---|---|---|---|
| 008 | 140306s9999 xx 000 0 und d | ||
| 041 | |a eng | ||
| 082 | |a 574. 1915 |b PHO.06 | ||
| 100 | |a Giese, Arthur C | ||
| 245 | |a Photophysiology current topics in photobiology and photochemistry V.6 | ||
| 260 | |a New York |b Academic press |c 1971 | ||
| 300 | |a 388 | ||
| 650 | |a Photobiology | ||
| 650 | |a Photophysiology | ||
| 942 | |2 ddc |c BK | ||
| 999 | |c 73448 |d 73448 | ||
| 952 | |0 0 |1 0 |2 ddc |4 0 |6 574__191500000000000_PHO_06 |7 0 |9 79876 |a KAUACV |b KAUACV |d 2008-09-09 |o 574. 1915 PHO.06 |p KAU_ACV-10490 |r 2014-03-22 |w 2014-03-22 |y BK | ||